000 00289 a2200097 4500
001 55651
100 _a
245 _aEncyclopedia of ships; over 1500 military and civilian ships from 5000 B.C. to the present day
260 _aCA
_bThe New Work Times
_c2001
090 _c34526
_d34526
942 _aNUST-CAE
_cMONOGRAPH
_c27254
999 _c290724
_d290724